|
|
|
|
| LEADER |
00000cam a2200000 a 4500 |
| 001 |
vtls001272762 |
| 003 |
SK-MaSNL |
| 005 |
20260301155104.0 |
| 008 |
180810s1749 xo 0 lat |
| 015 |
|
|
|a SNBHFA
|
| 035 |
|
|
|a SNK000223905
|
| 040 |
|
|
|a SNK
|b slo
|c SNK
|e AACR2
|
| 041 |
0 |
|
|a lat
|
| 044 |
|
|
|a xo
|c SK
|
| 072 |
|
7 |
|a 34
|x Právo
|2 konspekt
|
| 080 |
|
|
|a 34
|2 2011
|
| 100 |
1 |
|
|a Tallian, Ladislaus
|4 aut
|9 518868
|
| 245 |
1 |
0 |
|a Divus Ivo In Academica Societatis Jesu D. Joannis Baptistae Basilica Dictione Panegyrica Celebratus : Dum Inclyta Facultas Juridica Ejusdem Divi Tutelaris Sui Annuam Venerationem coram Senatu, Ppuloque Academico Solenni ritu ius hieraret. Deferente Perill. Gener. Clariss. ac Consultiss. DOmino Paulo Khlosz, AA. LL. & Phil. Doctore, Ven. Archi-Capituli, & Sac Sadis Archi-Episcopalis Jurato ordinario Notario. Juris Patrii Praxeos Professore ordinario, per Inelytum Regnum Hungariae Causarum fori utriusque jurato Advocato nec non Inclyti Comit. Comarom. Tab. Judiciar. Assess. Inclytae Facult. Juridicae p.t. Decano Spectabili
|c Oratore Ladislao Tallian De Vizek, Juris Patrii Praxeos in Imum annum Auditore, Sem. Mar. Szelepcs. Alum. Anno Slautis M.DCC.XLIX. Mense Junio, Die [?].
|
| 260 |
|
|
|a Tyrnavia
|b b.v.
|c 1749
|
| 300 |
|
|
|a [16] s.
|c 8°
|
| 500 |
|
|
|a Iniciály, vlys signovaný F., vineta, zložky, kustody
|
| 504 |
|
|
|a Tlačené poznámky pod textom
|
| 510 |
4 |
|
|a Bibliografia 18. storočia
|c 9463
|
| 563 |
|
|
|a Väzba nová reštaurovaná.
|5 SNK SD 35772
|
| 650 |
0 |
7 |
|a právo
|2 SNKPH
|9 976
|
| 710 |
2 |
|
|a Akademická tlačiareň (Trnava, Slovensko)
|4 prt
|9 232890
|
| 752 |
|
|
|a Slovensko
|d Trnava
|
| 852 |
|
|
|a snk
|p SD 35772
|
| 958 |
|
|
|a ONDV
|
| 958 |
|
|
|a DD
|
| 999 |
|
|
|c 799449
|d 801379
|
| 952 |
|
|
|a SNK
|b SNK
|y PREZ
|7 0
|p 17A0031964
|o snkSD 35772
|i snkF 2316/69
|0 0
|1 0
|4 0
|d 1997-01-22
|l 0
|r 2005-01-01 00:00:00
|w 2026-02-24
|